Библиография отечественных библиографий по геологии 18 в. - 1973 г.: аннотированный указатель по общим вопросам геологии, минералогии, петрографии, геохимии, полезным ископаемым, методам поисков и разведки

Bibliographische Detailangaben
Körperschaft: Академия наук СССР (АН СССР) Центральная библиотека по естественным наукам (ЦБЕН)
Weitere Verfasser: Бугельская Л. В. (составитель), Соловьев Ю. Я. (редактор)
Sprache:Russisch
Veröffentlicht: Москва, Наука, 1976
Schlagworte:
Format: Buch
KOHA link:https://koha.lib.tpu.ru/cgi-bin/koha/opac-detail.pl?biblionumber=99461

MARC

LEADER 00000nam0a2200000 4500
001 99461
005 20251226113933.0
035 |a (RuTPU)RU\TPU\book\106726 
090 |a 99461 
100 |a 20060704d1976 k y0rusy50 ca 
101 0 |a rus 
102 |a RU 
105 |a y a 001yy 
200 1 |a Библиография отечественных библиографий по геологии 18 в. - 1973 г.  |e аннотированный указатель по общим вопросам геологии, минералогии, петрографии, геохимии, полезным ископаемым, методам поисков и разведки  |f Академия наук СССР, Библиотека по естественным наукам ; сост. Л. В. Бугельская; под ред. Ю. Я. Соловьева 
210 |a Москва  |c Наука  |d 1976 
215 |a 326 с. 
320 |a Указ. в конце кн.: с. 304-323 
606 |a Геология  |9 34054 
610 1 |a библиографические указатели 
610 1 |a геология 
610 1 |a 18 век 
610 1 |a 19 век 
610 1 |a 20 век 
610 1 |a минералогия 
610 1 |a петрография 
610 1 |a геохимия 
610 1 |a полезные ископаемые 
675 |a 55  |v 4 
686 |a Я19:55  |2 rubbk 
702 1 |a Бугельская  |b Л. В.  |4 220 
702 1 |a Соловьев  |b Ю. Я.  |4 340 
712 0 2 |a Академия наук СССР (АН СССР)  |b Центральная библиотека по естественным наукам (ЦБЕН)  |3 (RuTPU)RU\TPU\col\13463 
801 1 |a RU  |b 63413507  |c 20060704  |g PSBO 
801 2 |a RU  |b 63413507  |c 20120712  |g PSBO 
942 |c BK